Southville International School and Colleges
Your cart is empty.
  • Cart
  • Lists
    Public lists Eva Luna New books Lux_list list_1
    Your lists Log in to create your own lists
  • Log in to your account
  • Your cookies
  • Search history
Southville International School and Colleges
  • Advanced search
  • Recent comments
  • Most popular
  • Libraries

Log in to your account

Log in with GOOGLE


If you do not have an external account, but do have a local account, you can still log in:

  1. Home
  2. MARC view: El Filibusterismo :
Normal view MARC view ISBD view

El Filibusterismo : (Record no. 292315)

[ view plain ]
MARC details
000 -LEADER
fixed length control field 00722nam a2200241Ia 4500
008 - FIXED-LENGTH DATA ELEMENTS--GENERAL INFORMATION
fixed length control field 160319s9999 xx 000 0 und d
020 ## - INTERNATIONAL STANDARD BOOK NUMBER
International Standard Book Number 9715692354
050 ## - LIBRARY OF CONGRESS CALL NUMBER
Item number R627f 1996
100 ## - MAIN ENTRY--PERSONAL NAME
Personal name Rizal, Jose
245 ## - TITLE STATEMENT
Title El Filibusterismo :
245 ## - TITLE STATEMENT
Remainder of title subversion : a sequel to Noli Me Tangere.
245 ## - TITLE STATEMENT
Statement of responsibility, etc Rizal Jose ; edited by Raul L. Locsin ; translated by Ma. Soledad Lacson-Locsin.
260 ## - PUBLICATION, DISTRIBUTION, ETC. (IMPRINT)
Place of publication, distribution, etc Makati City :
260 ## - PUBLICATION, DISTRIBUTION, ETC. (IMPRINT)
Name of publisher, distributor, etc Bookmark,
260 ## - PUBLICATION, DISTRIBUTION, ETC. (IMPRINT)
Date of publication, distribution, etc 1996
300 ## - PHYSICAL DESCRIPTION
Extent xviii, 342 pages :
300 ## - PHYSICAL DESCRIPTION
Other physical details illustrations :
300 ## - PHYSICAL DESCRIPTION
Dimensions 24 cm.
650 ## - SUBJECT ADDED ENTRY--TOPICAL TERM
Topical term or geographic name as entry element El Filibusterismo.
650 ## - SUBJECT ADDED ENTRY--TOPICAL TERM
Topical term or geographic name as entry element Rizal y Alonzo, Jose, 1861-1869.
700 ## - ADDED ENTRY--PERSONAL NAME
Personal name Locsin, Raul L., ed.
700 ## - ADDED ENTRY--PERSONAL NAME
Personal name Lacson-Locsin, Ma. Soledad, ed.
Holdings
Withdrawn status Lost status Damaged status Home library Current library Shelving location Date acquired Total Checkouts Full call number Barcode Date last seen Price effective from Koha item type
      Stonyhurst Southville International School (Batangas) Stonyhurst Southville International School (Batangas) Filipiniana Section 03/19/2016   Fic R627f 1996 US 0817 03/19/2016 03/19/2016 Books

El Filibusterismo :

APA

Rizal J., Locsin & Lacson-Locsin M. S. e.El Filibusterismo. Makati City: .

Chicago

Rizal Jose, Locsin and Lacson-Locsin Ma Soledad ed.El Filibusterismo. Makati City: .

Harvard

Rizal J., Locsin and Lacson-Locsin M. S. e.El Filibusterismo. Makati City: .

MLA

Rizal Jose, Locsin and Lacson-Locsin Ma Soledad ed.Makati City: . .

  • Place hold
  • Print
  • Cite
  • Add to your cart (remove)
  • Save record
    BIBTEX Dublin Core MARCXML MARC (non-Unicode/MARC-8) MARC (Unicode/UTF-8) MARC (Unicode/UTF-8, Standard) MODS (XML) RIS
  • More searches
    Search for this title in:
    Other Libraries (WorldCat) Other Databases (Google Scholar) Online Stores (Bookfinder.com) Open Library (openlibrary.org)

Exporting to Dublin Core...

SOUTHVILLE LIBRARY

Southville International School and Colleges Library

1281 Tropical Ave. Cor. Luxembourg St., BF Homes International, Las Pinas City

Tel. No. 8256374 / 252358 Loc. 117/146

Powered by Koha